00449 2200169 4500001002100000008004100021035002000062245005000082100001800132260002800150300002400178020002200202084001400224082000800238650001800246990001500264INLIS000000000003292 ind  a0010-1225000113 aKumpulan Cerita Rakyat DuniacDonna Jo Napoli aNapoli, Donna aJakartabGramediac2024 a208 hlmc21 x 26 cm a978-623-134-123-5 a800 DON k a800 aCerita Rakyat a19767/B/26